Athletics by Picture - High jump - Statistics

General Stats
  • This quiz has been taken 18 times
    15 since last reset
  • The average score is 8 of 20
Answer Stats
Picture Hint Answer % Correct
QAT - Olympic Champion 2020, World Champion 2017, 2019 & 2022 Mutaz Essa Barshim
92%
ITA - Olympic Champion 2020, World Champion 2023 Gianmarco Tamberi
83%
CUB - WR holder, Olympic Champion 1992, World Champion 1993 & 1997 Javier Sotomayor
83%
BEL - Olympic champion 2008 Tia Hellebaut
58%
CRO - World Champion 2007 & 2009 Blanka Vlašić
50%
USA - Olympic champion 1968 Dick Fosbury
50%
NZL - Olympic champion 2024 Hamish Kerr
50%
UKR - WR holder, Olympic Champion in 2024, World Champion 2023 Yaroslava Mahuchikh
50%
AUS - World champion 2022 Eleanor Patterson
42%
SWE - Olympic champion 2004 Stefan Holm
42%
RUS - Olympic Champion 2020, World Champion 2015, 2017 & 2019 Mariya Lasitskene
33%
RUS - Olympic Champion 2012, World Champion 2011 Anna Chicherova
25%
UKR - World champion 2013 Bohdan Bondarenko
25%
SWE - World champion 1987 Patrick Sjöberg
25%
USA - Olympic Champion 1996, World Champion 1991 Charles Austin
17%
CAN - Olympic champion 2016, World champion 2015 Derek Drouin
17%
FRG - Olympic Champion 1992, World Champion 1991 Heike Henkel
17%
SAF - World Champion 2001 & 2003 Hestrie Cloete
17%
SWE - World champion 2005 Kajsa Bergqvist
17%
BUL - Olympic Champion 1996, World Champion 1987 & 1995 Stefka Kostadinova
17%
No matching quizzes found
Score Distribution
Percent of People with Each Score
Percentile by Number Answered
Your Score History
You have not taken this quiz since the last reset